Optimization of stochastic systems : topics in discrete-time systems /
Guardado en:
| Autor Principal: | |
|---|---|
| Formato: | Libro |
| Idioma: | English |
| Publicado: |
New York :
Academic Press,
1967.
|
| Series: | Mathematics in science and engineering ;
v. 32 |
| Etiquetas: |
Agregar Etiqueta
Sin Etiquetas, Sea el primero en etiquetar este registro!
|
| LEADER | 00641nam a22001935a 4500 | ||
|---|---|---|---|
| 001 | MAT.inmabb002201 | ||
| 008 | 740801s1967####nyua#####b####001#0#eng#d | ||
| 005 | 20160614124949.0 | ||
| 245 | 1 | 0 | |a Optimization of stochastic systems : |b topics in discrete-time systems / |c Masanao Aoki. |
| 260 | |a New York : |b Academic Press, |c 1967. | ||
| 300 | |a xv, 354 p. : |b il. ; |c 24 cm. | ||
| 440 | 0 | |a Mathematics in science and engineering ; |v v. 32 | |
| 504 | |a Bibliografía: p. 339-346. | ||
| 510 | 4 | |a MR, |c 38 #3065 | |
| 020 | |a 0120588501 | ||
| 100 | 1 | |a Aoki, Masanao. | |
| 084 | |a 93E20 |2 msc2000 | ||
| 010 | |a 66030117 | ||
| 859 | |h 93 |i Ao638 |p A-3866 |b BIB. MATEMATICA | ||
